[Event "Copenhagen Chess Challenge 2015"]
[Site "Ballerup"]
[Date "2015.??.??"]
[Round "8"]
[White "Andersen, Soren Mikkel"]
[Black "Yildiz, Hasan"]
[Result "1-0"]
[WhiteElo "2123"]
[BlackElo "1931"]
[PlyCount "109"]
[EventDate "2015.??.??"]
[EventType "swiss"]
[EventRounds "9"]
[EventCountry "DEN"]

1. d4 e6 2. c4 b6 3. a3 a5 4. Nc3 Ba6 5. e4 Nc6 6. Nf3 Be7 7. Bd3 Na7 8. O-O c6
9. d5 cxd5 10. cxd5 Bxd3 11. Qxd3 d6 12. Be3 Nf6 13. b4 O-O 14. Nd4 exd5 15.
exd5 Qd7 16. b5 Ng4 17. Nc6 Nxe3 18. Qxe3 Bf6 19. Rab1 Rfe8 20. Ne4 Bd8 21. Qf4
Bc7 22. a4 Nc8 23. Rb3 Ne7 24. Nf6+ gxf6 25. Nxe7+ Qxe7 26. Qh6 Qe4 27. Rg3+
Qg6 28. Rxg6+ fxg6 29. Rc1 Re5 30. g3 Ra7 31. Qh4 Kg7 32. Qc4 Kf7 33. Kf1 f5
34. Re1 Rxe1+ 35. Kxe1 Bd8 36. Kf1 Re7 37. Qc8 Ke8 38. Qc6+ Rd7 39. h4 Bc7 40.
Kg2 Bd8 41. Qc3 Be7 42. Qe3 Rb7 43. Qe6 Rc7 44. Qg8+ Bf8 45. h5 Rg7 46. Qe6+
Be7 47. h6 Rf7 48. f4 Rf8 49. Qc8+ Bd8 50. Qc6+ Ke7 51. Qb7+ Ke8 52. Qxh7 g5
53. Qg6+ Kd7 54. h7 Bf6 55. Qxf5+ 1-0

[Event "Copenhagen Chess Challenge 2015"]
[Site "Ballerup"]
[Date "2015.??.??"]
[Round "8"]
[White "Pallesen, Jacob"]
[Black "Tandrup, Michael"]
[Result "1-0"]
[WhiteElo "2059"]
[BlackElo "1963"]
[PlyCount "93"]
[EventDate "2015.??.??"]
[EventType "swiss"]
[EventRounds "9"]
[EventCountry "DEN"]

1. g3 g6 2. Bg2 Bg7 3. d3 e5 4. c4 d6 5. Nc3 c6 6. e4 Ne7 7. Nge2 O-O 8. O-O c5
9. Bg5 f6 10. Be3 Nbc6 11. a3 Be6 12. Nd5 Nd4 13. b4 Qd7 14. bxc5 dxc5 15. Nec3
Nec6 16. Rb1 f5 17. exf5 Bxf5 18. Ne4 b6 19. Bg5 Bxe4 20. Bxe4 Rf7 21. Kg2 Raf8
22. f3 Ne6 23. Be3 Ncd4 24. Nc3 Kh8 25. Bd5 Re7 26. a4 Nf5 27. Bd2 Ned4 28. a5
Qc7 29. axb6 axb6 30. Qa4 Ree8 31. Rb2 Rb8 32. Rfb1 Ne7 33. Be4 Rf6 34. Bg5 Rd6
35. Bxe7 Qxe7 36. Nd5 Qd8 37. Rxb6 Rdxb6 38. Rxb6 h5 39. Rxb8 Qxb8 40. Ne7 g5
41. Qd7 h4 42. Ng6+ Kg8 43. Qd5+ Kh7 44. Nxh4+ Kh8 45. Ng6+ Kh7 46. Nxe5+ Kh6
47. Nf7+ 1-0

[Event "Copenhagen Chess Challenge 2015"]
[Site "Ballerup"]
[Date "2015.??.??"]
[Round "8"]
[White "Surender, Anil"]
[Black "Stuhr, Peter Sebastian"]
[Result "1/2-1/2"]
[WhiteElo "2056"]
[BlackElo "1947"]
[PlyCount "39"]
[EventDate "2015.??.??"]
[EventType "swiss"]
[EventRounds "9"]
[EventCountry "DEN"]

1. d4 d6 2. Nf3 Nd7 3. g3 Ngf6 4. Bg2 c6 5. O-O e5 6. dxe5 dxe5 7. b3 Qc7 8. c4
Bc5 9. Nc3 O-O 10. Qc2 Re8 11. Nd2 Bf8 12. Bb2 g6 13. Rfd1 a6 14. e3 Rb8 15.
Nde4 Nxe4 16. Nxe4 f5 17. Rxd7 Bxd7 18. Nf6+ Kf7 19. Nxe8 Rxe8 20. Rd1 1/2-1/2

[Event "Copenhagen Chess Challenge 2015"]
[Site "Ballerup"]
[Date "2015.??.??"]
[Round "8"]
[White "Olsen, Michael Richard W"]
[Black "Kokholm, Daniel"]
[Result "1/2-1/2"]
[WhiteElo "2023"]
[BlackElo "1913"]
[PlyCount "91"]
[EventDate "2015.??.??"]
[EventType "swiss"]
[EventRounds "9"]
[EventCountry "DEN"]

1. Nf3 Nc6 2. g3 e5 3. d3 d5 4. Bg2 f6 5. O-O Be6 6. Nbd2 Qd7 7. Re1 O-O-O 8.
c3 Bh3 9. Bh1 h5 10. Qa4 g5 11. b4 Kb8 12. Nb3 Re8 13. Be3 a6 14. Na5 Nd8 15.
Qxd7 Bxd7 16. Reb1 b6 17. Nb3 Be6 18. h4 g4 19. Ne1 Bh6 20. a4 Bxe3 21. fxe3
Nb7 22. a5 b5 23. e4 c6 24. d4 Ne7 25. dxe5 fxe5 26. Nd3 dxe4 27. Nxe5 Bxb3 28.
Rxb3 Nd6 29. Rd1 Kc7 30. Rbb1 Nd5 31. Rxd5 cxd5 32. Ng6 Rh6 33. Nf4 Re5 34. e3
Kc6 35. Bg2 Rf5 36. Bf1 Re5 37. Rd1 Nf5 38. Kf2 Ne7 39. Be2 Nf5 40. Rd2 Ne7 41.
Bd1 Rf5 42. Bb3 Rd6 43. Ke1 Re5 44. Bd1 Nf5 45. Kf2 Ng7 46. Ke1 1/2-1/2

[Event "Copenhagen Chess Challenge 2015"]
[Site "Ballerup"]
[Date "2015.??.??"]
[Round "8"]
[White "Fossan, Andreas"]
[Black "Ranaldi, Lucas"]
[Result "1-0"]
[WhiteElo "1873"]
[BlackElo "2019"]
[PlyCount "175"]
[EventDate "2015.??.??"]
[EventType "swiss"]
[EventRounds "9"]
[EventCountry "DEN"]

1. d4 Nf6 2. c4 e6 3. Nf3 Bb4+ 4. Bd2 c5 5. Nc3 O-O 6. g3 b6 7. Bg2 Bb7 8. O-O
d5 9. a3 Bxc3 10. Bxc3 Ne4 11. Qb3 Nd7 12. e3 Ba6 13. cxd5 Bxf1 14. Rxf1 exd5
15. Qxd5 Nxc3 16. bxc3 Nf6 17. Qf5 Qc8 18. Qd3 Qc7 19. e4 Rad8 20. e5 Ng4 21.
Ng5 g6 22. Qf3 Nh6 23. Qf4 cxd4 24. Ne4 f5 25. Nf6+ Kg7 26. cxd4 Ng8 27. Rc1
Qf7 28. Rc6 Nxf6 29. Rc7 Nd7 30. d5 Kg8 31. e6 Qf6 32. Rxd7 Rxd7 33. exd7 Qd8
34. Qa4 Rf6 35. Qxa7 Rd6 36. Qa4 Qxd7 37. Qa8+ Kg7 38. Qa6 Qe7 39. Qd3 Qe5 40.
h3 Rd7 41. Qb1 Qd6 42. Qb2+ Kg8 43. Qc3 Rc7 44. Qe1 Kf7 45. Qe3 Ra7 46. Qh6 Kg8
47. Qc1 Rxa3 48. Qc8+ Kg7 49. Qb7+ Kh6 50. Qc8 Ra1+ 51. Kh2 f4 52. Qg4 fxg3+
53. fxg3 Qc5 54. Qf4+ Kg7 55. Qe5+ Kf7 56. Qxa1 b5 57. Qf1+ Ke7 58. Qe2+ Kd8
59. Qe6 b4 60. d6 Qg5 61. d7 Qe7 62. Qxe7+ Kxe7 63. d8=Q+ Kxd8 64. Bd5 Kd7 65.
Kg2 Kd6 66. Bg8 h6 67. Kf3 Ke5 68. Ke3 Kf5 69. Kd4 h5 70. Ke3 g5 71. Bf7 h4 72.
g4+ Ke5 73. Bb3 Kf6 74. Ke4 Kg6 75. Ke5 Kh7 76. Kf5 Kh6 77. Kf6 Kh7 78. Kxg5
Kg7 79. Kxh4 Kg6 80. g5 Kg7 81. Kh5 Kh7 82. g6+ Kg7 83. Kg5 Kh8 84. h4 Kg7 85.
h5 Kh8 86. Bc4 b3 87. h6 b2 88. g7+ 1-0

[Event "Copenhagen Chess Challenge 2015"]
[Site "Ballerup"]
[Date "2015.??.??"]
[Round "8"]
[White "Vesterli, Michael E"]
[Black "Johansen, Johnny Holler"]
[Result "1-0"]
[WhiteElo "2118"]
[BlackElo "1879"]
[PlyCount "101"]
[EventDate "2015.??.??"]
[EventType "swiss"]
[EventRounds "9"]
[EventCountry "DEN"]

1. d4 Nf6 2. c4 e6 3. Nf3 Bb4+ 4. Bd2 Bxd2+ 5. Qxd2 Nc6 6. g3 d6 7. Bg2 O-O 8.
O-O e5 9. Rd1 Qe7 10. Nc3 Bg4 11. dxe5 dxe5 12. Nd5 Qd6 13. Qg5 Bxf3 14. Nxf6+
Qxf6 15. Qxf6 gxf6 16. Bxf3 Nd4 17. Bh5 Rad8 18. Kg2 Kg7 19. e3 Ne6 20. Bf3 c6
21. Be4 Rxd1 22. Rxd1 Rd8 23. Rxd8 Nxd8 24. f4 h6 25. Kf3 Ne6 26. b4 c5 27. a3
b6 28. Kg4 exf4 29. gxf4 cxb4 30. axb4 a5 31. bxa5 bxa5 32. Kf3 Kf8 33. Ke2 Ke7
34. Kd2 Kd6 35. Kc3 Kc5 36. Bd5 Kd6 37. Bf3 Kc5 38. Bh5 Nd8 39. h3 a4 40. Bf3
Ne6 41. Bd5 Nd8 42. f5 Kd6 43. Kb4 Ke5 44. e4 Kf4 45. Kxa4 Kg3 46. Kb5 Kxh3 47.
Kb6 Kg3 48. Kc7 h5 49. Kxd8 h4 50. Ke7 Kf4 51. Kxf6 1-0

[Event "Copenhagen Chess Challenge 2015"]
[Site "Ballerup"]
[Date "2015.??.??"]
[Round "8"]
[White "Sorensen, Bernhard W"]
[Black "Svensson, Gert1"]
[Result "1-0"]
[WhiteElo "1648"]
[BlackElo "1880"]
[PlyCount "89"]
[EventDate "2015.??.??"]
[EventType "swiss"]
[EventRounds "9"]
[EventCountry "DEN"]

1. d4 d5 2. Bf4 e6 3. e3 c5 4. Nf3 a6 5. c3 Nc6 6. Bd3 Nf6 7. Nbd2 Bd6 8. Bg3
Bd7 9. Bxd6 c4 10. Bc2 Ne7 11. O-O Qb6 12. Bxe7 Kxe7 13. Rb1 g5 14. Ne5 Qc7 15.
Ng4 h5 16. Nxf6 Kxf6 17. e4 Ke7 18. e5 f5 19. exf6+ Kf7 20. Nf3 g4 21. Ne5+
Kxf6 22. Qd2 Ke7 23. Qg5+ Kd6 24. Nf7+ Kc6 25. Nxh8 Rxh8 26. Qe5 Qd8 27. f3 g3
28. Qxg3 Rg8 29. Qe5 Rg5 30. Qe3 h4 31. f4 Rg7 32. Rf3 Qg8 33. Qf2 Be8 34. Rh3
Bh5 35. Rxh4 Bg4 36. Re1 Qf7 37. Re3 Bf5 38. Bxf5 Qxf5 39. Rh6 Rg4 40. Rhxe6+
Kb5 41. R6e5 Qb1+ 42. Re1 Qg6 43. Rxd5+ Ka4 44. f5 Qg8 45. Qc2# 1-0

[Event "Copenhagen Chess Challenge 2015"]
[Site "Ballerup"]
[Date "2015.??.??"]
[Round "8"]
[White "Pawlak, Wojciech Zbigniew"]
[Black "Orio, Lars"]
[Result "0-1"]
[WhiteElo "1754"]
[BlackElo "1878"]
[PlyCount "50"]
[EventDate "2015.??.??"]
[EventType "swiss"]
[EventRounds "9"]
[EventCountry "DEN"]

1. c4 Nf6 2. d4 g6 3. g3 Bg7 4. Bg2 O-O 5. Nc3 c6 6. Nf3 Na6 7. O-O Nc7 8. e4
d6 9. h3 Re8 10. Bg5 h6 11. Be3 Nd7 12. Qc2 e5 13. Rad1 Qe7 14. Rd2 exd4 15.
Nxd4 Nf8 16. Re1 Be6 17. b3 Red8 18. f4 Bd7 19. g4 Bxg4 20. hxg4 Qh4 21. g5
Qxe1+ 22. Kh2 Qxe3 23. Nce2 Nfe6 24. Rd3 Nxd4 25. Nxd4 Qxf4+ 0-1

[Event "Copenhagen Chess Challenge 2015"]
[Site "Ballerup"]
[Date "2015.??.??"]
[Round "8"]
[White "Kallenbach, Uffe"]
[Black "Andersen, Daniel"]
[Result "1-0"]
[WhiteElo "1641"]
[BlackElo "1870"]
[PlyCount "127"]
[EventDate "2015.??.??"]
[EventType "swiss"]
[EventRounds "9"]
[EventCountry "DEN"]

1. e4 c5 2. c3 d5 3. exd5 Qxd5 4. d4 cxd4 5. Nf3 Nc6 6. cxd4 Bg4 7. Be2 O-O-O
8. Nc3 Qa5 9. Be3 Nf6 10. O-O Bxf3 11. Bxf3 Qb4 12. Bxc6 bxc6 13. Qc2 Kb7 14.
a3 Qc4 15. b3 Qa6 16. Na4 Ka8 17. Nc5 Qb6 18. b4 Nd5 19. Rab1 e6 20. Rfc1 Bxc5
21. bxc5 Qc7 22. Bg5 f6 23. Bh4 g5 24. Bg3 Nf4 25. Qc4 Rxd4 26. Bxf4 Rxf4 27.
Qxe6 Qc8 28. Qe7 h5 29. Rd1 Re8 30. Qf7 Rfe4 31. Qxf6 Qe6 32. Qc3 Qf7 33. g3
Re2 34. Qd4 Qc7 35. Qd6 Qxd6 36. Rxd6 R2e6 37. Rbd1 R8e7 38. Rd8+ Kb7 39. Rh8
Re5 40. Rxh5 Rxc5 41. Rd3 Rc1+ 42. Kg2 Rg7 43. h4 gxh4 44. Rxh4 Rc2 45. Rf4 c5
46. Rff3 Kc6 47. Rc3 Rxc3 48. Rxc3 Kd5 49. Rd3+ Kc4 50. Re3 Kd4 51. Kf1 Rb7 52.
Re8 Kc3 53. f4 Kb3 54. Re3+ Kb2 55. Re2+ Kxa3 56. Rc2 Rc7 57. Ke2 c4 58. Kd2
Kb3 59. Rc3+ Kb4 60. f5 Rc5 61. g4 Ra5 62. f6 Rd5+ 63. Kc2 Re5 64. Rf3 1-0

[Event "Copenhagen Chess Challenge 2015"]
[Site "Ballerup"]
[Date "2015.??.??"]
[Round "8"]
[White "Petrovski, Petruli"]
[Black "Marthedal, Anton Mehmet Yildiz"]
[Result "0-1"]
[WhiteElo "1849"]
[BlackElo "1722"]
[PlyCount "58"]
[EventDate "2015.??.??"]
[EventType "swiss"]
[EventRounds "9"]
[EventCountry "DEN"]

1. Nf3 Nf6 2. b3 d5 3. Bb2 e6 4. e3 Bd6 5. Be2 O-O 6. O-O Qe7 7. d4 Nbd7 8. c4
dxc4 9. bxc4 c5 10. Nc3 cxd4 11. exd4 Ba3 12. Bxa3 Qxa3 13. Qc2 b6 14. Rab1 Qe7
15. Rfe1 Rd8 16. Bd3 Bb7 17. d5 Nc5 18. Bf5 Qc7 19. Nb5 Qf4 20. dxe6 fxe6 21.
Rxe6 Bxf3 22. Rxf6 gxf6 23. Bxh7+ Kh8 24. gxf3 Rd2 25. Qg6 Qh4 26. Kh1 Rxf2 27.
Qg1 Kxh7 28. Re1 Rg8 29. Re7+ Kh8 0-1

[Event "Copenhagen Chess Challenge 2015"]
[Site "Ballerup"]
[Date "2015.??.??"]
[Round "8"]
[White "Klofsrud, August"]
[Black "Hentley, Darryl"]
[Result "0-1"]
[WhiteElo "1590"]
[BlackElo "1383"]
[PlyCount "58"]
[EventDate "2015.??.??"]
[EventType "swiss"]
[EventRounds "9"]
[EventCountry "DEN"]

1. d4 f5 2. Bg5 c6 3. d5 Qb6 4. b3 e5 5. Nf3 e4 6. Nd4 Bc5 7. e3 h6 8. Qh5+ Kf8
9. dxc6 Bxd4 10. Bc4 d5 11. c7 Qxc7 12. Bf4 Qa5+ 13. Ke2 Nf6 14. Bd6+ Kg8 15.
Qg6 Be6 16. exd4 dxc4 17. f3 cxb3 18. fxe4 fxe4 19. Nd2 Bg4+ 20. Nf3 Nbd7 21.
Rhg1 Re8 22. Kf2 Bh5 23. Qg3 e3+ 24. Kf1 e2+ 25. Kf2 Ne4+ 26. Ke3 Qc3+ 27. Kf4
Nxg3 28. hxg3 Qe3+ 29. Kf5 g6# 0-1

[Event "Copenhagen Chess Challenge 2015"]
[Site "Ballerup"]
[Date "2015.??.??"]
[Round "8"]
[White "Dijkhuis, Oele"]
[Black "Nielsen, Thomas (1994)"]
[Result "1-0"]
[WhiteElo "1568"]
[BlackElo "1670"]
[PlyCount "67"]
[EventDate "2015.??.??"]
[EventType "swiss"]
[EventRounds "9"]
[EventCountry "DEN"]

1. e4 e6 2. d4 d5 3. Nc3 Nf6 4. Bg5 Be7 5. e5 Nfd7 6. h4 c5 7. Bxe7 Qxe7 8. f4
a6 9. Nf3 Nc6 10. dxc5 Qxc5 11. Qd2 b5 12. g4 Bb7 13. Be2 d4 14. Ne4 Qb4 15.
Nd6+ Ke7 16. Nxb7 Qxb2 17. O-O Rab8 18. Rfb1 Qa3 19. Rb3 Qa4 20. Nd6 Nc5 21.
Rbb1 f6 22. Bd3 fxe5 23. fxe5 h6 24. Ne4 Nd7 25. Qh2 Rhf8 26. Qg3 Nb4 27. Nxd4
Rbc8 28. Nd6 Rc3 29. h5 Nxe5 30. Qxe5 Rf6 31. N4f5+ Kf8 32. Qxc3 Nc6 33. Qxc6
Qxg4+ 34. Qg2 1-0

[Event "Copenhagen Chess Challenge 2015"]
[Site "Ballerup"]
[Date "2015.??.??"]
[Round "9"]
[White "Hentley, Darryl"]
[Black "Dijkhuis, Oele"]
[Result "0-1"]
[WhiteElo "1383"]
[BlackElo "1568"]
[PlyCount "128"]
[EventDate "2015.??.??"]
[EventType "swiss"]
[EventRounds "9"]
[EventCountry "DEN"]

1. e4 c5 2. f4 d6 3. Bc4 Nf6 4. d3 g6 5. Nf3 Bg7 6. Be3 O-O 7. O-O Nc6 8. c3
Na5 9. Nbd2 Nxc4 10. Nxc4 b6 11. Qe2 d5 12. Nce5 dxe4 13. dxe4 Nxe4 14. Bf2
Nxf2 15. Rxf2 Qc7 16. Nd2 Bf5 17. g4 Bd7 18. Nxd7 Qxd7 19. f5 Rad8 20. Re1 Bf6
21. fxg6 hxg6 22. Ref1 Qd3 23. Qf3 Qxf3 24. Nxf3 Rd5 25. h4 Rfd8 26. g5 Bg7 27.
Nh2 Rf8 28. Ng4 b5 29. Kg2 b4 30. c4 Rd4 31. Ne3 Rxh4 32. Nd5 Re4 33. Kf3 Re5
34. Kg4 Re6 35. b3 f5+ 36. gxf6 exf6 37. Rd1 Re4+ 38. Rf4 Re2 39. Kf3 Rfe8 40.
Rg1 Kf7 41. Nc7 R8e3+ 42. Kg4 f5+ 43. Rxf5+ gxf5+ 44. Kxf5 Re5+ 45. Kg4 R2e4+
46. Kf3 Re3+ 47. Kg4 Re1 48. Rg2 R5e2 49. Rg3 Re4+ 50. Kh5 Re5+ 51. Kh4 R1e4+
52. Kh3 Re3 53. Nb5 Rxg3+ 54. Kxg3 a6 55. Nd6+ Ke6 56. Nb7 Kd7 57. Kf3 Kc7 58.
Nxc5 Rxc5 59. Ke4 Ra5 60. Kd3 Rxa2 61. c5 a5 62. Kc4 Kc6 63. Kd3 Kxc5 64. Ke4
a4 0-1

[Event "Copenhagen Chess Challenge 2015"]
[Site "Ballerup"]
[Date "2015.??.??"]
[Round "9"]
[White "Svensson, Gert1"]
[Black "Klofsrud, August"]
[Result "0-1"]
[WhiteElo "1880"]
[BlackElo "1590"]
[PlyCount "108"]
[EventDate "2015.??.??"]
[EventType "swiss"]
[EventRounds "9"]
[EventCountry "DEN"]

1. d4 Nf6 2. c4 e6 3. Nc3 Bb4 4. Bg5 c5 5. a3 Bxc3+ 6. bxc3 cxd4 7. cxd4 Qa5+
8. Bd2 Qc7 9. e3 Nc6 10. Bd3 d5 11. Nf3 dxc4 12. Bxc4 Bd7 13. Rc1 O-O 14. O-O
Rfc8 15. Bd3 Qd8 16. Qe2 Qe7 17. Rc3 Nd5 18. Rb3 Rab8 19. e4 Nc7 20. Rfb1 h6
21. a4 b6 22. a5 bxa5 23. Rxb8 Rxb8 24. Rxb8+ Nxb8 25. Bxa5 Ne8 26. Qa2 a6 27.
Qb3 Bb5 28. Bxb5 axb5 29. Qxb5 Nd7 30. h3 Nef6 31. Bb4 Qd8 32. Nd2 Qc7 33. f3
Nh5 34. Qxh5 Qc1+ 35. Kh2 e5 36. Qf5 Qc7 37. dxe5 Nxe5 38. Qf4 Nxf3+ 39. Nxf3
Qxf4+ 40. Kg1 Qxe4 41. Be1 g5 42. Bf2 Qd5 43. Kh2 h5 44. Ng1 g4 45. h4 Qd2 46.
Ba7 f5 47. Kh1 f4 48. Bb6 Kf7 49. Kh2 f3 50. Ne2 Qxe2 51. Kg3 fxg2 52. Kh2 Qf3
53. Kg1 g3 54. Bd4 Qf1# 0-1

[Event "Copenhagen Chess Challenge 2015"]
[Site "Ballerup"]
[Date "2015.??.??"]
[Round "9"]
[White "Andersen, Daniel"]
[Black "Petrovski, Petruli"]
[Result "1-0"]
[WhiteElo "1870"]
[BlackElo "1849"]
[PlyCount "59"]
[EventDate "2015.??.??"]
[EventType "swiss"]
[EventRounds "9"]
[EventCountry "DEN"]

1. d4 Nf6 2. c4 e6 3. g3 c5 4. d5 exd5 5. cxd5 d6 6. Bg2 g6 7. Nc3 Bg7 8. Nf3
O-O 9. O-O a6 10. a4 Nbd7 11. Nd2 Qc7 12. Nc4 Nb6 13. Nxb6 Qxb6 14. a5 Qc7 15.
e4 Rb8 16. Bd2 Bd7 17. Na4 Bxa4 18. Qxa4 Rfe8 19. Bc3 Re7 20. Rad1 b5 21. axb6
Qxb6 22. e5 dxe5 23. d6 Rd7 24. Bxe5 Qa7 25. Rfe1 Rb4 26. Qc6 Ng4 27. Qc8+ Bf8
28. Bc6 Nxe5 29. Rxe5 Rxb2 30. Qxd7 1-0

[Event "Copenhagen Chess Challenge 2015"]
[Site "Ballerup"]
[Date "2015.??.??"]
[Round "9"]
[White "Pawlak, Wojciech Zbigniew"]
[Black "Aladiyur Paramasivan, Dharanidar"]
[Result "1-0"]
[WhiteElo "1754"]
[BlackElo "1427"]
[PlyCount "67"]
[EventDate "2015.??.??"]
[EventType "swiss"]
[EventRounds "9"]
[EventCountry "DEN"]

1. e4 c6 2. d4 d5 3. exd5 cxd5 4. c4 Nf6 5. Nc3 e6 6. Nf3 g6 7. Bg5 Bg7 8. cxd5
exd5 9. Bb5+ Nc6 10. O-O O-O 11. Re1 Be6 12. Ne5 Qd6 13. Qd2 Nd7 14. Nxd7 Bxd7
15. Bxc6 bxc6 16. Be7 Qc7 17. Rac1 Be6 18. Bxf8 Rxf8 19. Na4 h5 20. Re2 Kh7 21.
Rce1 Bh6 22. Qc3 Bf4 23. g3 Bd6 24. Nc5 Bh3 25. Re8 h4 26. Rxf8 Bxf8 27. gxh4
Qc8 28. Qf3 Bf5 29. h5 Bd6 30. hxg6+ Kxg6 31. h4 Bg4 32. Qg2 Kh5 33. f3 Bh3 34.
Qg5# 1-0